<Der> Börsen-Berater. Aktien, Devisen, Gold und Renten rechtzeitig kaufen und verkaufen

Gespeichert in:
Bibliographische Detailangaben
1. Verfasser: Lang, Uwe
Format: Buch
Sprache:Deutsch
Veröffentlicht: Frankfurt am Main Campus 1990
Ausgabe:2. überarb. Aufl.
Tags: Tag hinzufügen
Keine Tags, Fügen Sie das erste Tag hinzu!

MARC

LEADER 00000nam a2200000 4500
001 c034507
005 20221215124230.2
041 0 |a ger 
044 |a DE 
245 1 0 |a <Der> Börsen-Berater. Aktien, Devisen, Gold und Renten rechtzeitig kaufen und verkaufen  |c Uwe Lang 
250 |a 2. überarb. Aufl. 
264 1 |a Frankfurt am Main  |b Campus  |c 1990 
300 |a 204 s. 
100 1 |a Lang, Uwe